Elizabeth Taylor's Husbands - Statistics

General Stats
  • This quiz has been taken 93 times
  • The average score is 6 of 8
Answer Stats
Hint Answer % Correct
Welsh actor, met during Cleopatra, 1964-74 Richard Burton
99%
remarried in Botswana, 1975-76 Richard Burton
99%
Hotel Heir,1950-51 Conrad Nicky HIlton
88%
Actor, Singer, 1959-64 Eddie Fisher
83%
Producer, 1957-1958 Michael Todd
82%
Met at Betty Ford, 1991-96 Larry Fortensky
63%
British Actor, 1952-57 Michael Wilding
62%
Former Virginia Senator, 1976-1982 John Warner
61%
No matching quizzes found
Score Distribution
Percent of People with Each Score
Percentile by Number Answered
Your Score History
You have not taken this quiz